Straight Up Trivia #12: Recent UEFA Champions League winners - Statistics

General Stats
  • This quiz has been taken 18 times
  • The average score is 5 of 10
Answer Stats
Hint Answer % Correct
Barcelona, 2015. The first Spanish football league was founded in 1929, and Real Madrid came in second to Barcelona, thanks to a final game lost to a team from what city? The city is the largest in the Basque Country. Bilbao
76%
Liverpool, 2019. Liverpool followed this victory by winning the Premier League in 2019-20, their only Premier League championship. What German managed Liverpool to both championships? Jurgen Klopp
76%
Real Madrid, 2018. The 2018 championship game was held in NSC Olimpiyskiy Stadium in what city? The stadium hosted some football/soccer games in the 1980 Olympics but otherwise has no relation to the Olympic Games, and the city is no longer in the same country as the host of the 1980 Olympics. Kyiv
76%
Real Madrid, 2024. According to Forbes, in 2024 Real Madrid was the most valuable sports franchise outside the U.S. What was the second most valuable sports franchise outside the U.S. in 2024? Manchester United
76%
Bayern Munich, 2020. The 1516 Bavarian beer purity law allowed for only three ingredients: water, hops, and what grain? Yeast was not included as the role of yeast was not fully known at the time. Barley
71%
Real Madrid, 2016. The honorific title Real, Spanish for royal, was bestowed in 1920 by King Alfonso XIII. His reign was heavily influenced by Spain's loss in a war to what country? The war ended with the Treaty of Paris of 1898 and the cession or sale of many of Spain's overseas colonies. United States
53%
Manchester City, 2023. Manchester was the home of the Madchester musical scene, which emerged in the late 1980s. What band, fronted by Ian Brown, was perhaps the most famous Madchester band? Their biggest hit, "Love Spreads", reached #2 in the U.K. and #55 in the U.S. The Stone Roses
29%
Real Madrid, 2022. The origin of Madrid as a major settlement was as a military output for what Caliphate (initially Emirate) that ruled most of the Iberian peninsula from 756 to 1031? It is named for its capital city, now a major city in Andalusia. Cordoba
24%
Chelsea, 2021. Chelsea is the name of a late-night talk show that ran on Netflix from 2016-2017, hosted by what comedian? Chelsea Handler
18%
Real Madrid, 2017. Real (pronounced differently) Genius is a 1985 starring the recently deceased Val Kilmer. The movie climaxes with a house being destroyed by what food product, which happened after a laser was aimed into the house? Popcorn
6%
No matching quizzes found
Score Distribution
Percent of People with Each Score
Percentile by Number Answered
Your Score History
You have not taken this quiz